Structural Geology: (Record no. 532689)
[ view plain ]
| 000 -LEADER | |
|---|---|
| fixed length control field | 00368nam a22001457a 4500 |
| 003 - CONTROL NUMBER IDENTIFIER | |
| control field | NUST |
| 038 ## - RECORD CONTENT LICENSOR | |
| Staff Name | M.Ramzan |
| 082 ## - DEWEY DECIMAL CLASSIFICATION NUMBER | |
| Classification number | 551.8 |
| Author Mark | RAG |
| 100 ## - MAIN ENTRY--PERSONAL NAME | |
| Personal name | Agan, Donal M. |
| 9 (RLIN) | 26291 |
| 245 ## - TITLE STATEMENT | |
| Title | Structural Geology: |
| Remainder of title | An Introduction to Geometrical Techniques |
| 250 ## - EDITION STATEMENT | |
| Edition statement | 4th |
| 260 ## - PUBLICATION, DISTRIBUTION, ETC. | |
| Place of publication, distribution, etc. | UK: |
| Name of publisher, distributor, etc. | Cambridge University Press, |
| Date of publication, distribution, etc. | 2009. |
| 300 ## - PHYSICAL DESCRIPTION | |
| Extent | 602 p, : |
| 942 ## - ADDED ENTRY ELEMENTS (KOHA) | |
| Source of classification or shelving scheme | |
| Koha item type | Book |
| Withdrawn status | Lost status | Source of classification or shelving scheme | Damaged status | Not for loan | Permanent Location | Current Location | Date acquired | Total Checkouts | Full call number | Barcode | Date last seen | Price effective from | Koha item type |
|---|---|---|---|---|---|---|---|---|---|---|---|---|---|
| School of Civil and Environmental Engineering (SCEE) | School of Civil and Environmental Engineering (SCEE) | 11/28/2019 | 551.8 RAG | NIT-10028 | 11/28/2019 | 11/28/2019 | Book |
